Valuation (Record no. 107770)
[ view plain ]
| 000 -LEADER | |
|---|---|
| fixed length control field | 01688cam a22002655a 4500 |
| 001 - CONTROL NUMBER | |
| control field | L141789 |
| 008 - FIXED-LENGTH DATA ELEMENTS--GENERAL INFORMATION | |
| fixed length control field | 071221s2008 xxk f 001 0 eng d |
| 020 ## - INTERNATIONAL STANDARD BOOK NUMBER | |
| International Standard Book Number | 9780728205246 |
| 035 ## - SYSTEM CONTROL NUMBER | |
| System control number | (Sirsi) u141789 |
| 041 0# - LANGUAGE CODE | |
| Language code of text/sound track or separate title | eng |
| 050 04 - LIBRARY OF CONGRESS CALL NUMBER | |
| Classification number | 333.332 $2 18 |
| 245 00 - TITLE STATEMENT | |
| Title | Valuation |
| Remainder of title | principles into practice |
| Medium | [electronic resource] |
| 250 ## - EDITION STATEMENT | |
| Edition statement | 6th ed. |
| 260 ## - PUBLICATION, DISTRIBUTION, ETC. | |
| Place of publication, distribution, etc. | London |
| Name of publisher, distributor, etc. | EG Books |
| Date of publication, distribution, etc. | 2008 |
| 300 ## - PHYSICAL DESCRIPTION | |
| Extent | li, 650p. |
| Dimensions | 14cm. |
| 505 2# - FORMATTED CONTENTS NOTE | |
| Formatted contents note | Agricultural property -- Residential properties -- Leashold enfranchisement -- The Landlord and Tenant Act 1954 -- Industrial and distribution properties -- Offices -- Retail Properties -- Taxation -- Compulsory purchase -- Compensation for planning and other restrictions on the use of land -- Minerals -- Rating -- Development properties -- Garages, petrol filling stations and motorway service areas -- Rent reviews and lease renewals, commercial property -- Valuations for financial statements -- Public houses -- Hotels -- Leisure properties -- Easements and wayleaves for sewers, pipelines and cables -- Assessments for insurance purposes -- The valuation of care homes -- Negligence and valuations |
| 520 ## - SUMMARY, ETC. | |
| Summary, etc. | This book provides the valuation principles and practice in agricultural, residential, commercial, industrial, leisure and office sectors. The book also discusses valuation methodology and techniques. |
| 520 ## - SUMMARY, ETC. | |
| Summary, etc. | Supersedes the 5th ed. (0728203472) |
| 521 ## - TARGET AUDIENCE NOTE | |
| Target audience note | Advanced |
| 651 #4 - SUBJECT ADDED ENTRY--GEOGRAPHIC NAME | |
| Geographic name | United Kingdom |
| Chronological subdivision | |
| 690 ## - LOCAL SUBJECT ADDED ENTRY--TOPICAL TERM (OCLC, RLIN) | |
| Topical term or geographic name as entry element | PROPERTY-PROPERTY APPRAISAL AND VALUATION |
| 700 1# - ADDED ENTRY--PERSONAL NAME | |
| Personal name | Hayward, Richard |
| Relator term | Editor |
| 856 40 - ELECTRONIC LOCATION AND ACCESS | |
| Uniform Resource Identifier | <a href="https://www.vlebooks.com/">https://www.vlebooks.com/</a> |
| Public note | View on VLEbooks. Logins for members only from [email protected] |
| 942 ## - ADDED ENTRY ELEMENTS (KOHA) | |
| Suppress in OPAC | 0 |
| Withdrawn status | Lost status | Source of classification or shelving scheme | Damaged status | Not for loan | Home library | Current library | Shelving location | Date acquired | Cost, normal purchase price | Total Checkouts | Full call number | Barcode | Date last seen | Date last checked out | Copy number | Cost, replacement price | Price effective from | Koha item type |
|---|---|---|---|---|---|---|---|---|---|---|---|---|---|---|---|---|---|---|
| Dewey Decimal Classification | London | London | Books | 01/09/2008 | 34.99 | 10 | 333.332 HAY | 30074872 | 06/08/2019 | 06/11/2009 | 3 | 34.99 | 06/08/2019 | Book | ||||
| Dewey Decimal Classification | London | London | Books | 01/09/2008 | 34.99 | 333.332 HAY | 30074871 | 06/08/2019 | 6 | 34.99 | 06/08/2019 | Reference material | ||||||
| Dewey Decimal Classification | London | London | Books | 15/06/2009 | 8 | 333.332 HAY | 30076846 | 06/08/2019 | 15/01/2013 | 7 | 06/08/2019 | Book | ||||||
| Dewey Decimal Classification | Virtual | Virtual | Online | 09/12/2016 | EBOOK | 141789-3001 | 06/08/2019 | 1 | 06/08/2019 | Book |